| 000 | 00678nam a2200181 a 4500 | ||
|---|---|---|---|
| 005 | 20240411063722.0 | ||
| 008 | 991125s1960 mx 000 0 spa u | ||
| 035 | _aUPN01000027770 | ||
| 049 | _aCG | ||
| 050 | 4 |
_aF1226 _bO7.3 |
|
| 100 | 1 |
_aOrozco y Berra, Manuel, _d1816-1881 _928578 |
|
| 245 | 1 | 0 |
_aHistoria antigua y de la conquista de México / _cpor Manuel Orozco y Berra ; con un estudio previo de Angel Ma. Garibay K. y biografía del autor, más tres bibliografías referentes al mismo, de Miguel León-Portilla. |
| 260 |
_aMéxico : _bPorrúa, _c1960. |
||
| 300 | _a4 v. | ||
| 440 | 0 |
_aBiblioteca Porrúa ; _v17-20 |
|
| 651 | 4 |
_aMéxico _xHistoria _94558 |
|
| 905 | _aLibro | ||
| 999 |
_c27770 _d27770 |
||